• 首页
  • 本馆介绍
  • 公告通知
  • 最新文献
  • 馆藏检索
  • 电子资源
  • 读者导购
  • 参考咨询
  • 我的图书馆
  • 登录
  • 详细信息显示
  • 放入我的书架
  • 预约/预借图书
  • 作者相关作品
  • 分类相关作品
  • 丛书相关作品
  • 出版社相关作品

书目信息

  • 表格格式
  • 工作单格式
  • 卡片格式
题名:
古代生活习俗
    
 
作者: 徐潜 主编 ;李思默 , 祁慧琳 编著
分册:  
出版信息: 长春   吉林文史出版社  2018重印
页数: 204页
开本: 24cm
丛书名: 多姿多彩的风土人情
单 册:
中图分类: K892-49
科图分类:
主题词: 风俗习惯--feng su xi guan--中国--古代--通俗读物
电子资源:
ISBN: 978-7-5472-1477-0
000 00990nam 2200289 45
001 012001009796
005 20140103170739.0
010    @a978-7-5472-1477-0@dCNY33.80
099    @aCAL 012014024532
100    @a20140304d2014 em y0chiy50 ea
101 0  @achi
102    @aCN@b220000
105    @aa z 000yy
106    @ar
200 1  @a古代生活习俗@Agu dai sheng huo xi su@f徐潜主编@g李思默, 祁慧琳编著
210    @a长春@c吉林文史出版社@d2018重印
215    @a204页@c图@d24cm
225 2  @a多姿多彩的风土人情@Aduo zi duo cai de feng tu ren qing
330    @a本书共分为六部分, 主要内容包括: 古代婚姻 ; 百家姓氏 ; 福禄寿喜 ; 灶神、门神与财神 ; 庙会 ; 古代礼制文化。
410  0 @12001@a多姿多彩的风土人情
606 0  @a风俗习惯@Afeng su xi guan@y中国@z古代@j通俗读物
690    @aK892-49@v5
701  0 @a徐潜@Axu qian@4主编
702  0 @a李思默@Ali si mo@4编著
702  0 @a祁慧琳@Aqi hui lin@4编著
801  2 @aCN@b上海新华@c20191020
905    @b1189522-4@dK892-49@e323@f3
    
    古代生活习俗/徐潜主编/李思默, 祁慧琳编著.-长春:吉林文史出版社,2018重印
    204页:图;24cm.-(多姿多彩的风土人情)
    
    
    ISBN 978-7-5472-1477-0:CNY33.80
    本书共分为六部分, 主要内容包括: 古代婚姻 ; 百家姓氏 ; 福禄寿喜 ; 灶神、门神与财神 ; 庙会 ; 古代礼制文化。
●
相关链接 在E读中查询图书 在五车中查询图书 在当当中查询图书 在豆瓣中查询图书


正题名:古代生活习俗     索取号:K892-49/323         预约/预借

序号 登录号 条形码 馆藏地/架位号 状态 备注
1 1189522   211895225   第二样本阅览室/ [索取号:K892-49/323] 在馆    
2 1189523   211895234   第二借阅区/ [索取号:K892-49/323] 在馆    
3 1189524   211895243   第二借阅区/ [索取号:K892-49/323] 在馆    
唐山师范学院图书馆 欢迎您!
大连网信软件有限公司© 版权所有